000 00822nam a2200253 i 4500
003 DO-SdBNP
005 20230911110329.0
006 a||||gr|||| 00| 0
007 ta
008 230510e1987 dr ||||gr|||| 001 0 spa d
040 _aDO-SdBNP
_bspa
_cBNPHU
_erda
082 4 _222
_bM533
111 1 _aConvención Nacional de Pediatría
_n(XXV:
_d1987:
_cSanto Domingo)
_983358
245 1 0 _aMemoria:
_bactualización en pediatría - supervivencia infantil/
264 1 _aSanto Domingo :
_bSociedad Dominicana de Pediatría,
_c[1987].
300 _a209 páginas ;
_c21 cm.
336 _2rdaconten
_atexto
_btxt
337 _2rdamedia
_asin medición
_bn
338 _2rdacarrier
_avolumen
_bnc
500 _aIV Congreso Dominicano de Pediatría
590 _aInventariado 2023 / YL
910 _aYLockward
942 _2ddc
_cLBS1
999 _c54673
_d54673